1820 1761 1427 1861 1537 1697 1990 1937 1156 1126 1748 1776 1335 1802 1103 1110 1060 1287 1257 1227 1669 1427 1079 1597 1765 1855 1178 1109 1496 1440 1300 1522 1422 1849 1958 1472 2000 1285 1263 1314 1605 1541 1801 1297 1562 1896 1288 1223 1227 1388 1147 1811 1761 1226 1978 1051 1710 1365 1243 1807 1400 1668 1120 1397 1962 1531 1647 1255 1438 1430 1021 1997 1074 1243 1024 1122 1752 1112 1681 1219 1296 1751 1092 1350 1488 1945 1262 1242 1304 1654 1535 1753 1567 1159 1376 1890 1128 1615 1648 BCNSPRNW ULIB Ver.6.0+V

เปลี่ยนเป็นภาษาไทย

Change to English
 แสดงรายละเอียดบรรณานุกรม
  กลับหน้าหลัก

Brief Record : Get Marc (ISO 2709) : E-mail record : QR code < ปิดหน้าต่าง
LEADER : 00000nam 2200000uu 4500
001    13399120103
003     ULIB
008    120830s2555||||th 000 0 tha d
020    ^a9745068713(ล.2)
020    ^a9789745068711(ล.2)
060 04 ^aWY100^bอ253ค ล2
100 0  ^aอภิญญา เพียรพิจารณ์
245 10 ^aคู่มือปฏิบัติการพยาบาล ^nเล่ม 2 /^cอภิญญา เพียรพิจารณ์
250    ^aพิมพ์ครั้งที่ 4
260    ^aนนทบุรี :^bโครงการสวัสดิการวิชาการ สถาบันพระบรมราชชนก,^c2555
300    ^a291 หน้า :^bภาพประกอบ
504    ^aมีบรรณานุกรมและดัชนี
650  7 ^aการพยาบาล^vคู่มือ
710 2  ^aสถาบันพระบรมราชชนก. ^bโครงการสวัสดิการวิชาการ
945    ^p270^l0^i19371
945    ^p270^l0^i19372
945    ^p270^l0^i19373
945    ^p270^l0^i19374
945    ^p270^l0^i19375
995    ^aทศพร
999    ^aทศพร เกษรทอง
รายการนี้ยังไม่มีแท็ก
คุณยังไม่ได้ล็อกอิน คุณสามารถมีกิจกรรมร่วมกับเว็บไซต์ได้ แต่ต้องล็อกอินก่อน ::
  ล็อกอิน

รายการสื่อสารสนเทศ

ลำดับที่ ประเภท เลขเรียก/บาร์โค้ด สถานที่ สถานะ
1. Book การพยาบาล
Book การพยาบาล
สถานะ=หนังสือเก่า
WY100 อ253ค ล2 ฉ.1 
  Barcode: 19371
ห้องสมุดวิทยาเขตนครสวรรค์
►ส่วนจัดเก็บหนังสือเก่า นว.
บนชั้น
  ขอยืม
2. Book การพยาบาล
Book การพยาบาล
สถานะ=หนังสือเก่า
WY100 อ253ค ล2 ฉ.2 
  Barcode: 19372
ห้องสมุดวิทยาเขตนครสวรรค์
►ส่วนจัดเก็บหนังสือเก่า นว.
บนชั้น
  ขอยืม
3. Book การพยาบาล
Book การพยาบาล
สถานะ=หนังสือเก่า
WY100 อ253ค ล2 ฉ.3 
  Barcode: 19373
ห้องสมุดวิทยาเขตนครสวรรค์
►ส่วนจัดเก็บหนังสือเก่า นว.
บนชั้น
  ขอยืม
4. Book การพยาบาล
Book การพยาบาล
สถานะ=หนังสือเก่า
WY100 อ253ค ล2 ฉ.4 
  Barcode: 19374
ห้องสมุดวิทยาเขตนครสวรรค์
►ส่วนจัดเก็บหนังสือเก่า นว.
บนชั้น
  ขอยืม
5. Book การพยาบาล
Book การพยาบาล
สถานะ=หนังสือเก่า
WY100 อ253ค ล2 ฉ.5 
  Barcode: 19375
ห้องสมุดวิทยาเขตนครสวรรค์
►ส่วนจัดเก็บหนังสือเก่า นว.
บนชั้น
  ขอยืม

รายการใกล้เคียง
    ผู้แต่ง [อภิญญา เพียรพิจารณ์]

BibComment


ยังไม่เคยถูกคอมเมนท์

คอมเมนท์ทรัพยากรรายการนี้
  คอมเมนท์: คู่มือปฏิบัติการ..


 Copyright 2026. Bcnsprnw @Library